കാസ്റ്റർ ബ്രിഡ്ജിന്റ മേയർ / (Record no. 178542)
[ view plain ]
| 000 -LEADER | |
|---|---|
| fixed length control field | 00763nam a22001817a 4500 |
| 005 - DATE AND TIME OF LATEST TRANSACTION | |
| control field | 20210406121234.0 |
| 008 - FIXED-LENGTH DATA ELEMENTS--GENERAL INFORMATION | |
| fixed length control field | 210405b ||||| |||| 00| 0 eng d |
| 010 ## - LIBRARY OF CONGRESS CONTROL NUMBER | |
| LC control number | MAL-9294 |
| 020 ## - INTERNATIONAL STANDARD BOOK NUMBER | |
| International Standard Book Number | 978-93-88485-78-4 |
| Terms of availability | 320.00 |
| 035 ## - SYSTEM CONTROL NUMBER | |
| System control number | MA-8751 |
| 082 ## - DEWEY DECIMAL CLASSIFICATION NUMBER | |
| Classification number | 894.8123 |
| Item number | തോമസ് |
| 100 ## - MAIN ENTRY--PERSONAL NAME | |
| Personal name | തോമസ്, ഹാൻഡി |
| 245 ## - TITLE STATEMENT | |
| Title | കാസ്റ്റർ ബ്രിഡ്ജിന്റ മേയർ / |
| Statement of responsibility, etc | ഹാൻഡി തോമസ് |
| 260 ## - PUBLICATION, DISTRIBUTION, ETC. (IMPRINT) | |
| Place of publication, distribution, etc | തിരുവനന്തപുരം |
| Name of publisher, distributor, etc | ചിന്താപബ്ലിഷേഴ്സ് |
| Date of publication, distribution, etc | 1920 |
| 270 ## - ADDRESS | |
| City | തിരുവനന്തപുരം |
| Country | ഇന്ത്യ |
| Postal code | 695035 |
| 300 ## - PHYSICAL DESCRIPTION | |
| Extent | 287p. |
| Dimensions | 21cm(pbk) |
| 942 ## - ADDED ENTRY ELEMENTS (KOHA) | |
| Source of classification or shelving scheme | Dewey Decimal Classification |
| Item type | Malayalam Bks |
| Classification part | 894.8123 |
| Call number suffix | തോമസ് |
| Withdrawn status | Lost status | Source of classification or shelving scheme | Damaged status | Not for loan | Home library | Current library | Date acquired | Source of acquisition | Cost, normal purchase price | Total Checkouts | Full call number | Barcode | Date last seen | Copy number | Cost, replacement price | Price effective from | Koha item type |
|---|---|---|---|---|---|---|---|---|---|---|---|---|---|---|---|---|---|
| Dewey Decimal Classification | Not For Loan | D.B.Act.Division | D.B.Act.Division | 06/04/2021 | DBAD/PUB | 320.00 | 894.8123 തോമസ് | MA-8751 | 06/04/2021 | 1 | 320.00 | 06/04/2021 | Malayalam Bks |
